নাট্যতত্ত্ব বিচার / (Record no. 2628)

MARC details
000 -LEADER
fixed length control field 00883nam a22002177a 4500
003 - CONTROL NUMBER IDENTIFIER
control field BD-DhJNU
005 - DATE AND TIME OF LATEST TRANSACTION
control field 20260218051457.0
008 - FIXED-LENGTH DATA ELEMENTS--GENERAL INFORMATION
fixed length control field 260218b |||||||| |||| 00| 0 eng d
020 ## - INTERNATIONAL STANDARD BOOK NUMBER
International Standard Book Number 8184370466
040 ## - CATALOGING SOURCE
Original cataloging agency BD-DhJNU
Language of cataloging ENG
Transcribing agency BD-DhJNU
Modifying agency BD-DhJNU
082 ## - DEWEY DECIMAL CLASSIFICATION NUMBER
Edition number 23
Classification number 891.442 MUN
100 ## - MAIN ENTRY--PERSONAL NAME
Personal name মুখোপাধ্যায়, দুর্গাশঙ্কর
242 ## - TRANSLATION OF TITLE BY CATALOGING AGENCY
Title Studies in ডramaturgy /
Statement of responsibility, etc. Dr. Durgashankar Mukhopadhyay
245 ## - TITLE STATEMENT
Title নাট্যতত্ত্ব বিচার /
Statement of responsibility, etc. ড. দুর্গাশঙ্কর মুখোপাধ্যায়
246 ## - VARYING FORM OF TITLE
Title proper/short title Nattyototto bichar /
260 ## - PUBLICATION, DISTRIBUTION, ETC.
Place of publication, distribution, etc. কলিকাতা :
Name of publisher, distributor, etc. করুণা প্রকাশনী,
Date of publication, distribution, etc. 2010.
300 ## - PHYSICAL DESCRIPTION
Extent ৩৩৬ পৃ. :
Other physical details চিত্র ;
Dimensions ২২ সেমি.।
650 ## - SUBJECT ADDED ENTRY--TOPICAL TERM
Topical term or geographic name entry element বাংলা নাটক
650 ## - SUBJECT ADDED ENTRY--TOPICAL TERM
Topical term or geographic name entry element Bengali Drama
942 ## - ADDED ENTRY ELEMENTS (KOHA)
Source of classification or shelving scheme Dewey Decimal Classification
Koha item type Books
Suppress in OPAC No
Holdings
Withdrawn status Lost status Source of classification or shelving scheme Damaged status Not for loan Collection Home library Current library Shelving location Date acquired Source of acquisition Total checkouts Full call number Barcode Date last seen Copy number Price effective from Koha item type
    Dewey Decimal Classification     Non-fiction Jagannath University Central Library Jagannath University Central Library General stacks 02/18/2026 Purchased   891.442 MUN JNUCL36162 02/18/2026 1 02/18/2026 Books
    Dewey Decimal Classification     Non-fiction Jagannath University Central Library Jagannath University Central Library General stacks 02/18/2026 Purchased   891.442 MUN JNUCL36163 02/18/2026 2 02/18/2026 Books